| 000 | 02472 a2200373 4500 | ||
|---|---|---|---|
| 005 | 20140904104003.0 | ||
| 008 | 140301s1990 xx g 0 m mul d | ||
| 040 |
_aCO-BoUCM _bspa _cJose A. Gerena (modificó) _d[Nuevo] |
||
| 041 | _aeng | ||
| 041 | _aspa | ||
| 092 | _aDVD 1323 | ||
| 245 | 0 | 3 |
_aLa caza al octubre rojo _cJohn McTiernan, director _h[DVD] |
| 246 | 1 | 3 | _aThe hunt for red october |
| 260 |
_a[Lugar desconocido] _bParamount Pictures _c1990 |
||
| 300 |
_a1 DVD, 135 minutos _bimagen, sonido, color |
||
| 500 | _aSINOPSIS: Un nuevo y tecnológicamente superior submarino nuclear soviético, el Octubre Rojo, se acerca a las costas de los Estados Unidos bajo el mando del capitán Marko Ramius. El gobierno estadounidensepiensa que Ramius está planeando atacar. Un analista solitario de la CIA tiene una idea diferente: piensa que Ramius está planeando desertar, pero tiene sólo pocas horas para encontrarlo y probar su teoría ya que toda la fuerza naval y la fuerza aérea rusa lo están buscando, también [Tomado de la fuente] | ||
| 508 | _aCRÉDITOS: Dirigida por John McTiernan ; guion por Larry Ferguson y Donald Stewart ; música por Basil Poledouris ; fotografía por Jan de Bont ; diseño de producción por Terence Marsh ; dirección de arte por William Cruse ; ambientación por Mickey S. Michaels ; vestuario por James W. Tyson | ||
| 511 | _aREPARTO: Sean Connery, Alec Baldwin, Scott Glenn, Sam Neill, James Earl Jones, Joss Ackland, Richard Jordan, Peter Firth, Tim Curry, Courtney B. Vance | ||
| 520 | _aBasada en la novela bestseller de Tom Clancy del mismo nombre | ||
| 546 | _aAudio en inglés y español. Subtítulos en inglés, español y portugués | ||
| 586 | _aGanadora de un premio de la Academia, 1991 (mejores efectos de sonido) | ||
| 650 | 7 |
_957698 _aCine de suspenso _vDVD |
|
| 650 | 7 |
_951326 _aPelículas cinematográficas _zEstados Unidos _vDVD |
|
| 650 | 7 |
_951342 _aPelículas de acción _vDVD |
|
| 650 | 7 |
_aTáctica naval _vDVD _957723 |
|
| 690 |
_942805 _aEntretenimiento |
||
| 700 | 1 |
_aMcTiernan, John _edirector _957624 |
|
| 710 | 2 |
_aParamount Pictures _948549 |
|
| 710 | 2 |
_aMace Neufeld Productions _957334 |
|
| 710 | 2 |
_aNina Saxon Film Design _957625 |
|
| 765 | 0 | _tThe hunt for red october | |
| 856 | 4 | 0 |
_uhttps://www.youtube.com/watch?v=kxL8uBmdulY _zSiga este enlace para ver el trailer _zTrailer tomado del canal Paramount Movies vía YouTube.com |
| 942 |
_2LOCAL _a11 _cMULTIMEDIA _e1 _hDVD 1323 |
||
| 999 |
_c239974 _d239974 |
||